[Event "2008 Standard Chess Dropout Tournament, Round 1"]
[Site "SchemingMind.com"]
[Date "2007.11.17"]
[Round "1"]
[White "traxla"]
[Black "FlameViper"]
[Result "1-0"]
[WhiteCountry "USA"]
[BlackCountry "NZL"]
[WhiteElo "2096"]
[WhiteRD "89"]
[BlackElo "1420"]
[BlackRD "90"]
[GameID "128860"]

1. d4 Nf6 2. c4 g6 3. Nc3 Bg7 4. Nf3 d5 5. Bg5 Nc6 6. cxd5 Nxd5 7. e4 Nxc3 8. bxc3 Bg4 9. Be2 Qd6 10. O-O Bf6
11. e5 Qd5 12. c4 Qd7 13. exf6 exf6 14. Bxf6 Rf8 15. Ng5 Bf5 16. Re1 Nxd4 17. Bxd4 O-O-O 18. Nxh7
1-0

[Event "2008 Standard Chess Dropout Tournament, Round 1"]
[Site "SchemingMind.com"]
[Date "2007.11.18"]
[Round "1"]
[White "tyler_ensor"]
[Black "Mekk"]
[Result "0-1"]
[WhiteCountry "CAN"]
[BlackCountry "POL"]
[WhiteElo "1609"]
[WhiteRD "66"]
[BlackElo "1974"]
[BlackRD "67"]
[GameID "128861"]

1. e4 e6 2. d4 d5 3. Nc3 Nf6 4. Bg5 Be7 5. e5 Nfd7 6. Bxe7 Qxe7 7. Qg4 O-O 8. Bd3 c5 9. Nf3 cxd4 10. Bxh7+ Kxh7
11. Qh5+ Kg8 12. Ng5 Qxg5 13. Qxg5 Nc6 14. Ne2 Ndxe5 15. O-O-O Bd7 16. Nxd4 f6 17. Qg3 Rac8 18. Nxc6 Nxc6 19. h4 Nb4 20. c3 e5
21. Kb1 Bf5+ 22. Kc1 d4 23. Qf3 Nxa2+ 24. Kd2 dxc3+ 25. bxc3 Be6 26. Qxb7 Nxc3 27. Rc1 Bd5 28. Qxa7 Ra8 29. Qe3 Ra2+
0-1

[Event "2008 Standard Chess Dropout Tournament, Round 1"]
[Site "SchemingMind.com"]
[Date "2007.11.14"]
[Round "1"]
[White "willygor"]
[Black "badbishop"]
[Result "0-1"]
[WhiteCountry "ARG"]
[BlackCountry "POL"]
[WhiteElo "1754"]
[WhiteRD "82"]
[BlackElo "2236"]
[BlackRD "69"]
[GameID "128862"]

1. e4 c5 2. f4 d5 3. Bb5+ Bd7 4. Bxd7+ Qxd7 5. e5 Nc6 6. d3 e6 7. Nf3 Nh6 8. Be3 Be7 9. O-O O-O 10. Bf2 f6
11. Qe2 Rac8 12. a3 b6 13. Nc3 Nf5 14. g4 Nfd4 15. Nxd4 Nxd4 16. Bxd4 cxd4 17. Nd1 Qc7 18. Rc1 fxe5 19. fxe5 Rxf1+ 20. Kxf1 Bg5
21. Rb1 Qxc2 22. Qxc2 Rxc2 23. b3 Rxh2 24. Nf2 Be3 25. Rb2 Kf7 26. Kg1 Rxf2 27. Rxf2+ Kg6 28. Kg2 Bxf2 29. Kxf2 Kg5 30. Kf3 g6
31. a4 a5 32. Kg3 h5 33. gxh5 gxh5
0-1

[Event "2008 Standard Chess Dropout Tournament, Round 1"]
[Site "SchemingMind.com"]
[Date "2007.11.14"]
[Round "1"]
[White "z"]
[Black "Mel-o-rama"]
[Result "1-0"]
[WhiteCountry "IRQ"]
[BlackCountry "USA"]
[WhiteElo "1832"]
[WhiteRD "55"]
[BlackElo "1849"]
[BlackRD "130"]
[GameID "128864"]

1. b4 e5 2. Bb2 Bxb4 3. Bxe5 Nf6 4. a3 Be7 5. c4 d6 6. Bb2 O-O 7. Nf3 c5 8. e3 d5 9. cxd5 Qxd5 10. Be2 Nc6
11. O-O h6 12. d3 Bg4 13. Nbd2 Bd6 14. h3 Bh5 15. g4 Bg6 16. Qb3 Qxb3 17. Nxb3 b6 18. Rac1 Rac8 19. Bxf6 gxf6 20. Rfd1 f5
21. Nh4 f4 22. d4 fxe3 23. fxe3 Rfe8 24. Nxg6 fxg6 25. dxc5 Bxc5 26. Nxc5 bxc5 27. Ba6 Rb8 28. Rxc5 Ne5 29. Bb5 Rbc8 30. Rdd5 Rxc5
31. Rxc5 Nf3+ 32. Kf2 Rf8 33. Kg3 Nd2 34. Re5 Kg7 35. Re7+ Rf7 36. Rxf7+ Kxf7 37. Kf4 Kf6 38. h4 g5+ 39. hxg5+ hxg5+ 40. Kg3 Ke5
41. Bd3 Nb3 42. Kf3 a5 43. Ke2 Nc5 44. Kd2 Na4 45. Bb5 Nb6 46. Kd3 Kd5 47. Ba6 Nd7 48. Bb7+ Ke5 49. Kc4 Nf6 50. Bf3 Ne4
51. Kb5 Nd2 52. Be2 Ke4 53. Kxa5 Kxe3 54. Bd1 Nc4+ 55. Kb4 Nxa3 56. Kxa3 Kd2 57. Bf3 Ke3 58. Bd5 Kf4 59. Be6
1-0

[Event "2008 Standard Chess Dropout Tournament, Round 1"]
[Site "SchemingMind.com"]
[Date "2007.11.14"]
[Round "1"]
[White "Zugzwang"]
[Black "racy"]
[Result "1-0"]
[WhiteCountry "CAN"]
[BlackCountry "USA"]
[WhiteElo "1441"]
[WhiteRD "60"]
[BlackElo "1511"]
[BlackRD "100"]
[GameID "128865"]

1. d4 Nf6 2. e3 d5 3. Nf3 e6 4. Bd3 c5 5. c3 c4 6. Bc2 Bd6 7. Nbd2 Qe7 8. O-O e5 9. e4 exd4 10. cxd4 Bg4
11. e5 Nh5 12. exd6 Qxd6 13. Re1+ Kd8 14. h3 Be6 15. Ne5 Bxh3 16. Nxf7+ Kd7 17. Nxd6 Nf4 18. gxh3 Nxh3+ 19. Kf1 Kxd6 20. Nf3 Rf8
21. Re5 Nd7 22. Rh5 Nf4 23. Bxf4+ Rxf4 24. Bf5 Nf6 25. Rh3 Rxf5 26. Ne5 Ne4 27. Rf3 Raf8 28. Rxf5 Rxf5 29. Qa4 Nf6 30. Re1 a6
31. Nf7+ Kc7 32. Re7+ Kb6 33. Nd6 a5 34. Rxb7+ Ka6 35. Qc6#
1-0

[Event "2008 Standard Chess Dropout Tournament, Round 2"]
[Site "SchemingMind.com"]
[Date "2008.03.18"]
[Round "2"]
[White "29A"]
[Black "leroipere"]
[Result "1-0"]
[WhiteCountry "CAN"]
[BlackCountry "FRA"]
[WhiteElo "1840"]
[WhiteRD "73"]
[BlackElo "1726"]
[BlackRD "122"]
[GameID "146344"]

1. e4 e5 2. Nf3 Nc6 3. Bb5 a6 4. Ba4 Nf6 5. O-O Bc5 6. Nxe5 Nxe5 7. d4 Nxe4 8. Re1 Be7 9. Rxe4 Ng6 10. c4 O-O
11. Nc3 c6 12. Re1 Bb4 13. a3 Bxc3 14. bxc3 d6 15. Be3 Bd7 16. Qd3 Qa5 17. Bc2 Rad8 18. Rab1 Bc8 19. a4 c5 20. Bd2 Qc7
21. Rb2 Rfe8 22. Reb1 d5 23. cxd5 Rxd5 24. Qf3 Rd7 25. Bf5 Nh4 26. Bxh7+ Kf8 27. Qh5 Ng6 28. Bxg6 fxg6 29. Qxg6
1-0

[Event "2008 Standard Chess Dropout Tournament, Round 2"]
[Site "SchemingMind.com"]
[Date "2008.03.19"]
[Round "2"]
[White "acbrasileiro"]
[Black "echecs"]
[Result "1/2-1/2"]
[WhiteCountry "BRA"]
[BlackCountry "ENG"]
[WhiteElo "1923"]
[WhiteRD "105"]
[BlackElo "1682"]
[BlackRD "59"]
[GameID "146345"]

1. d4 e6 2. c4 Nf6 3. a3 c5 4. Nf3 d5 5. Nc3 Nc6 6. Bg5 cxd4 7. Nxd4 Be7 8. cxd5 Nxd5 9. Bxe7 Ncxe7 10. Ncb5 O-O
11. Rc1 a6 12. Nc3 b5 13. Nxd5 Nxd5 14. e3 Bb7 15. Bd3 g6 16. O-O Qg5 17. Nf3 Qh6 18. Ne5 Nxe3 19. Ng4 Nxg4 20. Qxg4 Qg7
21. Rc7 Bd5 22. Qe2 Rfc8 23. Rfc1 Rxc7 24. Rxc7 Qf6 25. Be4 Rd8 26. Bxd5 Rxd5 27. g3 Qd8 28. Rc2 a5 29. Kg2 Rf5 30. Qe4 b4
31. axb4 axb4 32. Qc4 Qd1 33. Qb3 Qe1 34. Qd3 Rd5=
1/2-1/2

[Event "2008 Standard Chess Dropout Tournament, Round 2"]
[Site "SchemingMind.com"]
[Date "2008.03.20"]
[Round "2"]
[White "Alessandro Dotti Contra"]
[Black "Ingemar Assarsjö"]
[Result "0-1"]
[WhiteCountry "ITA"]
[BlackCountry "SWE"]
[WhiteElo "1350"]
[WhiteRD "84"]
[BlackElo "1827"]
[BlackRD "97"]
[GameID "146346"]

1. e4 e5 2. Nf3 Nc6 3. Bb5 a6 4. Bc4 Bc5 5. O-O Nf6 6. Ng5 O-O 7. d3 d6 8. Nc3 Nd4 9. Be3 h6 10. Nd5 hxg5
11. Bxg5 Be6 12. Bxf6 gxf6 13. c3 c6 14. cxd4 cxd5 15. Bb3 Bxd4 16. Qd2 dxe4 17. dxe4 Bxb3 18. axb3 Qd7 19. Qh6 Qe6 20. Qh3 Qxh3
21. gxh3 Bxb2 22. Ra5 Rac8 23. Rd5 Rfd8 24. Rfd1 Bd4 25. Rd2 Rc5 26. Rxc5 Bxc5 27. Rc2 a5 28. Ra2 Ra8 29. Ra4 b5 30. Ra2 a4
31. bxa4 Rxa4 32. Rb2 Rb4 33. Re2 Bd4 34. Rc2 Rb2 35. Rc6 Bxf2+ 36. Kf1 Bc5 37. Rc8+ Kg7 38. Ke1 Rxh2
0-1

[Event "2008 Standard Chess Dropout Tournament, Round 2"]
[Site "SchemingMind.com"]
[Date "2008.03.19"]
[Round "2"]
[White "Adunatos"]
[Black "harsh"]
[Result "1-0"]
[WhiteCountry "NED"]
[BlackCountry "IND"]
[WhiteElo "2378"]
[WhiteRD "72"]
[BlackElo "2018"]
[BlackRD "89"]
[GameID "146347"]

1. e4 e5 2. Nf3 Nc6 3. Bc4 Nf6 4. d3 Bc5 5. O-O d6 6. c3 a6 7. d4 exd4 8. cxd4 Ba7 9. h3 b5 10. Bb3 h6
11. Nc3 b4 12. Nd5 O-O 13. Nxf6+ Qxf6 14. Bd5 Bd7 15. Qa4 Nb8 16. Qxb4 c6 17. Qb7 cxd5 18. Qxa8 dxe4 19. Qxe4 g5 20. Be3 Re8
21. Qb7 Bc6 22. Qxa7 Bxf3 23. gxf3 Qxf3 24. Kh2 g4 25. hxg4 h5 26. Rg1 hxg4 27. Rxg4+
1-0

[Event "2008 Standard Chess Dropout Tournament, Round 2"]
[Site "SchemingMind.com"]
[Date "2008.03.22"]
[Round "2"]
[White "agoodhobby"]
[Black "flodur"]
[Result "0-1"]
[WhiteCountry "USA"]
[BlackCountry "AUS"]
[WhiteElo "1646"]
[WhiteRD "58"]
[BlackElo "1950"]
[BlackRD "101"]
[GameID "146348"]

1. d4 Nf6 2. c4 e6 3. Nf3 b6 4. Nc3 Bb7 5. Bg5 Bb4 6. e3 h6 7. Bh4 g5 8. Bg3 Ne4 9. Qc2 Bxc3+ 10. bxc3 d6
11. Be2 Nd7 12. O-O-O Qe7 13. h4 O-O-O 14. c5 dxc5 15. Qa4 Nxc3 16. Qc2 Nxd1 17. Qxd1 cxd4
0-1

[Event "2008 Standard Chess Dropout Tournament, Round 2"]
[Site "SchemingMind.com"]
[Date "2008.03.22"]
[Round "2"]
[White "Apocalypse"]
[Black "Tahur"]
[Result "1-0"]
[WhiteCountry "USA"]
[BlackCountry "ARG"]
[WhiteElo "2311"]
[WhiteRD "76"]
[BlackElo "1951"]
[BlackRD "60"]
[GameID "146349"]

1. e4 c5 2. Nf3 e6 3. Nc3 d6 4. d4 cxd4 5. Nxd4 a6 6. g4 Nc6 7. Be3 Bd7 8. Be2 h5 9. g5 Nxd4 10. Qxd4 e5
11. Qd3 Rc8 12. O-O-O h4 13. Rhg1 g6 14. f4 Rc6 15. fxe5 b5 16. Nd5 Be6 17. Nb4 Rc4 18. Qa3 Rxe4 19. exd6 Bxd6 20. Nc6 b4
21. Qxa6 Qc7 22. Bb6 Bf4+ 23. Kb1 Qxc6 24. Rd8+ Ke7 25. Bb5 Bxa2+ 26. Ka1 Bd5 27. Bc5+ Kxd8 28. Bxc6 Bxc6 29. Rd1+ Bd7 30. Qa8+ Kc7
31. Qa7+ Kc8 32. Bb6 Re7 33. Qa8+ Bb8 34. Qa6#
1-0

[Event "2008 Standard Chess Dropout Tournament, Round 2"]
[Site "SchemingMind.com"]
[Date "2008.03.18"]
[Round "2"]
[White "Archr"]
[Black "loco61"]
[Result "1-0"]
[WhiteCountry "USA"]
[BlackCountry "ENG"]
[WhiteElo "1702"]
[WhiteRD "80"]
[BlackElo "1604"]
[BlackRD "65"]
[GameID "146350"]

1. e4 e5 2. Nf3 Nc6 3. Bb5 d6 4. d4 Bd7 5. Nc3 a6 6. Ba4 b5 7. Bb3 Nf6 8. O-O Bg4 9. dxe5 dxe5 10. Bg5 h6
11. Bh4 Nd4 12. Qd3 g5 13. Bg3 Bd6 14. Nxd4 exd4 15. Qxd4 Bxg3 16. Qxd8+ Rxd8 17. fxg3 Ke7 18. e5 Nd7 19. Rxf7+ Ke8 20. e6 Ne5
21. Rxc7 Nc4 22. e7 Rd2 23. Ne4 Rd1+ 24. Rxd1 Bxd1 25. Nf6+
1-0

[Event "2008 Standard Chess Dropout Tournament, Round 2"]
[Site "SchemingMind.com"]
[Date "2008.03.23"]
[Round "2"]
[White "Ashmaster"]
[Black "Mijical"]
[Result "1-0"]
[WhiteCountry "IRL"]
[BlackCountry "CAN"]
[WhiteElo "1763"]
[WhiteRD "84"]
[BlackElo "1596"]
[BlackRD "84"]
[GameID "146351"]

1. d4 c5 2. d5 c4 3. e4 b5 4. a4 Qa5+ 5. Bd2 Qa6 6. Nc3 b4 7. Nb5 Qb6 8. Bxc4 a6 9. Be3 Qb7 10. Nd4 e6
11. Ngf3 a5 12. O-O Bc5 13. Nb5 Be7 14. d6 Bd8 15. Qd4 f6 16. Nd2 Bb6 17. Qxb6 Na6 18. Qxb7 Bxb7 19. f3 Kf7 20. Nb3
1-0

[Event "2008 Standard Chess Dropout Tournament, Round 2"]
[Site "SchemingMind.com"]
[Date "2008.03.17"]
[Round "2"]
[White "Austin Lockwood"]
[Black "jtrochez1"]
[Result "1-0"]
[WhiteCountry "ENG"]
[BlackCountry "HON"]
[WhiteElo "1683"]
[WhiteRD "105"]
[BlackElo "1548"]
[BlackRD "57"]
[GameID "146352"]

1. e4 e5 2. Nf3 d6 3. d4 exd4 4. Qxd4 Nc6 5. Bb5 Bd7 6. Bxc6 Bxc6 7. Nc3 h6 8. Be3 b6 9. O-O-O Bd7 10. e5 c5
11. Qd3 Bc6 12. exd6 Bxd6 13. Qxd6 Qxd6 14. Rxd6 Bxf3 15. gxf3 Nf6 16. Rg1 O-O 17. Rxf6 Kh7 18. Rd6 Rad8 19. Rgd1 Rxd6 20. Rxd6 f6
21. Rd7 Kg6 22. Rxa7 Rf7 23. Rxf7 Kxf7 24. Nd5
1-0

[Event "2008 Standard Chess Dropout Tournament, Round 2"]
[Site "SchemingMind.com"]
[Date "2008.03.19"]
[Round "2"]
[White "Bacon"]
[Black "Miael_"]
[Result "0-1"]
[WhiteCountry "BER"]
[BlackCountry "ARG"]
[WhiteElo "1284"]
[WhiteRD "76"]
[BlackElo "1552"]
[BlackRD "62"]
[GameID "146353"]

1. e4 e5 2. Nf3 Nc6 3. Nc3 Nf6 4. Bc4 d6 5. O-O Bg4 6. h3 Bh5 7. Ng5 Bxd1 8. Nxf7 Qc8 9. Nxh8 Bh5 10. g4 Bxg4
11. hxg4 Qxg4+ 12. Kh1 Qh3+ 13. Kg1 Ng4 14. f3 Qh2#
0-1

[Event "2008 Standard Chess Dropout Tournament, Round 2"]
[Site "SchemingMind.com"]
[Date "2008.03.22"]
[Round "2"]
[White "badbishop"]
[Black "fer_even"]
[Result "0-1"]
[WhiteCountry "POL"]
[BlackCountry "ARG"]
[WhiteElo "2271"]
[WhiteRD "65"]
[BlackElo "2482"]
[BlackRD "101"]
[GameID "146354"]

1. e4 e5 2. Nf3 Nc6 3. Bc4 Bc5 4. c3 Nf6 5. d4 exd4 6. e5 d5 7. Bb5 Ne4 8. cxd4 Bb6 9. Nc3 O-O 10. Be3 Bg4
11. Bxc6 bxc6 12. Qa4 Nxc3 13. bxc3 Qe8 14. h3 Bh5 15. g4 Bg6 16. O-O Be4 17. Ng5 Bd3 18. Rfd1 Bg6 19. Re1 h6 20. Nf3 Bh7
21. c4 dxc4 22. Qxc4 Be4
0-1

[Event "2008 Standard Chess Dropout Tournament, Round 2"]
[Site "SchemingMind.com"]
[Date "2008.03.17"]
[Round "2"]
[White "bartleby en passant"]
[Black "Zugzwang"]
[Result "1-0"]
[WhiteCountry "IRL"]
[BlackCountry "CAN"]
[WhiteElo "1666"]
[WhiteRD "81"]
[BlackElo "1503"]
[BlackRD "59"]
[GameID "146355"]

1. d4 f5 2. c4 Nf6 3. Nc3 e6 4. Nf3 c6 5. Bg5 d5 6. c5 Be7 7. h4 O-O 8. Qd2 b5 9. b4 Bd7 10. Ne5 Be8
11. g3 Bh5 12. a4 Ne4 13. Nxe4 fxe4 14. Bh3 Bxg5 15. Qxg5 Qxg5 16. Bxe6+ Kh8 17. hxg5 Na6 18. Rxh5 h6 19. gxh6
1-0

[Event "2008 Standard Chess Dropout Tournament, Round 2"]
[Site "SchemingMind.com"]
[Date "2008.03.19"]
[Round "2"]
[White "BlueMooner"]
[Black "Mel-o-rama"]
[Result "0-1"]
[WhiteCountry "ENG"]
[BlackCountry "USA"]
[WhiteElo "1806"]
[WhiteRD "84"]
[BlackElo "1942"]
[BlackRD "119"]
[GameID "146356"]

1. e4 e5 2. Nf3 Nc6 3. d4 exd4 4. Bc4 Nf6 5. e5 d5 6. Bb5 Ne4 7. Nxd4 Bc5 8. Be3 Bd7 9. Bxc6 bxc6 10. Nd2 Qh4
11. O-O O-O 12. Nxe4 Qxe4 13. Nxc6 Bxe3 14. Ne7+ Kh8 15. fxe3 Qxe3+ 16. Kh1 Qxe5 17. Nxd5 Bc6 18. Nf4 Qxb2
0-1

[Event "2008 Standard Chess Dropout Tournament, Round 2"]
[Site "SchemingMind.com"]
[Date "2008.03.18"]
[Round "2"]
[White "boojiboy"]
[Black "Archr"]
[Result "1-0"]
[WhiteCountry "USA"]
[BlackCountry "USA"]
[WhiteElo "1775"]
[WhiteRD "97"]
[BlackElo "1689"]
[BlackRD "84"]
[GameID "146357"]

1. e4 e5 2. Nf3 Nc6 3. Bb5 Nf6 4. O-O Nxe4 5. Re1 Nd6 6. Nxe5 Be7 7. Qh5 Nxe5 8. Qxe5 Nxb5 9. Qxg7 Rf8 10. d3 d5
11. Bg5 Be6 12. Bxe7 Qxe7 13. Nd2 O-O-O 14. a4 Nd6 15. Qd4 Kb8 16. Nf3 Rg8 17. Re2 Qd7 18. Ne5 Qe7 19. Rae1 Qg5 20. g3 Bh3
21. Qxd5 f6 22. a5 fxe5 23. Rxe5 Qg7 24. a6 Qf7 25. Qc5 Qf3 26. Qd5 Qxd5 27. Rxd5 b6 28. Rde5 Bc8 29. Re7 Rh8 30. Ra1 Nf5
31. Rf7 Rdf8 32. Rxf8 Rxf8 33. b4 Nd4 34. Ra2 c6 35. f4 Ne2+ 36. Kf2 Nxf4 37. gxf4 Rxf4+ 38. Ke3 Rxb4 39. c3
1-0

[Event "2008 Standard Chess Dropout Tournament, Round 2"]
[Site "SchemingMind.com"]
[Date "2008.03.17"]
[Round "2"]
[White "Ingemar Assarsjö"]
[Black "dadshane2000"]
[Result "1/2-1/2"]
[WhiteCountry "SWE"]
[BlackCountry "USA"]
[WhiteElo "1831"]
[WhiteRD "99"]
[BlackElo "1862"]
[BlackRD "82"]
[GameID "146358"]

1. e4 c5 2. Nf3 e6 3. d4 cxd4 4. Nxd4 Nc6 5. Nc3 Qc7 6. Ndb5 Qb8 7. Bc4 Nf6 8. a3 a6 9. Nd4 b5 10. Bb3 Bb7
11. f3 Bc5 12. Be3 Qd6 13. Nxc6 Qxd1+ 14. Rxd1 Bxe3 15. Ne5 Bb6 16. Ke2 Ke7 17. Rd2 Rhd8 18. Rhd1 d6 19. Nd3 Bd4 20. Na2 Bb6
21. c3 d5 22. exd5 Nxd5 23. Bxd5 Bxd5 24. Nab4 Bb7 25. Ne5 Rxd2+ 26. Rxd2 Bc8 27. Nbc6+ Ke8 28. Ng4 f6 29. Nf2 Bb7 30. Nd4 Rd8
31. Ne4 e5 32. Nf5 Rxd2+ 33. Kxd2 Bxe4 34. fxe4 g6 35. Ne3 Bxe3+ 36. Kxe3 Ke7 37. g4 Ke6 38. b3= f5 39. gxf5+ gxf5 40. exf5+ Kxf5
41. c4 bxc4 42. bxc4 Ke6 43. h4 a5 44. a4 Kd6 45. Ke4= Kc5 46. Kxe5 Kxc4 47. h5 Kb4 48. h6 Kxa4 49. Kf6 Kb5 50. Kg7 a4
51. Kxh7 a3 52. Kg8 a2 53. h7 a1=Q=
1/2-1/2

[Event "2008 Standard Chess Dropout Tournament, Round 2"]
[Site "SchemingMind.com"]
[Date "2008.03.17"]
[Round "2"]
[White "Brennan Price"]
[Black "Ilang"]
[Result "0-1"]
[WhiteCountry "USA"]
[BlackCountry "HUN"]
[WhiteElo "1988"]
[WhiteRD "86"]
[BlackElo "2313"]
[BlackRD "74"]
[GameID "146359"]

1. e4 e5 2. Nf3 Nc6 3. Bb5 a6 4. Ba4 Nf6 5. O-O Be7 6. Re1 b5 7. Bb3 O-O 8. c3 d6 9. h3 Na5 10. Bc2 c5
11. d4 Qc7 12. Nbd2 cxd4 13. cxd4 Nc6 14. Nb3 a5 15. Be3 a4 16. Nbd2 Bd7 17. Rc1 Qb7 18. Qe2 Rfe8 19. Bd3 Rac8 20. dxe5 Nxe5
21. Bc2 h6 22. b3 axb3 23. axb3 Rc7 24. Nd4 Rec8 25. f4 Ng6 26. Qf3 Rc3 27. Qe2 Bd8 28. Nb1 R3c5 29. Nf5 R5c6 30. Nd4 Ra6
31. Qf3 Bb6 32. Bd3 Rxc1 33. Rxc1 Qa7 34. Nc2 Bxe3+ 35. Nxe3 Ra2 36. Kh2 Nh4 37. Qg3 Nh5 38. Qxh4 Qxe3 39. Rc2 Ra1 40. Rc3 Qxf4+
41. Qxf4 Nxf4 42. Bc2 b4 43. Rc7 Be6 44. Nd2 Re1 45. Kg3 g5 46. Nf3 Re2 47. Nd4 Rxg2+ 48. Kf3 Rh2
0-1

[Event "2008 Standard Chess Dropout Tournament, Round 2"]
[Site "SchemingMind.com"]
[Date "2008.03.17"]
[Round "2"]
[White "bull mccabe"]
[Black "Rimfaxe"]
[Result "0-1"]
[WhiteCountry "IRL"]
[BlackCountry "DEN"]
[WhiteElo "1605"]
[WhiteRD "82"]
[BlackElo "1774"]
[BlackRD "99"]
[GameID "146361"]

1. e4 e5 2. Nf3 Nc6 3. Bb5 a6 4. Ba4 Nf6 5. O-O b5 6. Bb3 Bc5 7. c3 d6 8. Re1 O-O 9. h3 Bb7 10. d3 h6
11. d4 Bb6 12. Nbd2 exd4 13. cxd4 Nxd4 14. Nxd4 Bxd4 15. Bc2 Re8 16. Qf3 Qd7 17. Nb3 Be5 18. Rd1 a5 19. Nc5 Qc6 20. Nxb7 Qxc2
21. Qd3 Qc6 22. Nxd6 Bxd6
0-1

[Event "2008 Standard Chess Dropout Tournament, Round 2"]
[Site "SchemingMind.com"]
[Date "2008.03.22"]
[Round "2"]
[White "C. H. O'D. Schlechter"]
[Black "fourluxflakes"]
[Result "1-0"]
[WhiteCountry "USA"]
[BlackCountry "ENG"]
[WhiteElo "2415"]
[WhiteRD "72"]
[BlackElo "1857"]
[BlackRD "81"]
[GameID "146362"]

1. d4 Nf6 2. c4 g6 3. Nc3 Bg7 4. Bg5 h6 5. Bh4 g5 6. Bg3 Nh5 7. Be5 d6 8. Bxg7 Nxg7 9. e3 Bf5 10. g4 Bg6
11. h4 gxh4 12. Nf3 Nd7 13. Nxh4 Bh7 14. Nf3 Bg6 15. Bd3 Bxd3 16. Qxd3 c6 17. g5 h5 18. g6 f6 19. O-O-O Qa5 20. d5 Nc5
21. Qd4 O-O-O 22. Kb1 Qc7 23. Rhg1 Qd7 24. e4 h4 25. b4 Na6 26. Qxa7 h3 27. Na4 Qc7 28. Nb6+
1-0

[Event "2008 Standard Chess Dropout Tournament, Round 2"]
[Site "SchemingMind.com"]
[Date "2008.03.22"]
[Round "2"]
[White "calidore"]
[Black "mikewharvey"]
[Result "0-1"]
[WhiteCountry "ISR"]
[BlackCountry "GBR"]
[WhiteElo "1899"]
[WhiteRD "53"]
[BlackElo "1590"]
[BlackRD "89"]
[GameID "146364"]

1. e4 Nf6 2. e5 Nd5 3. d4 d6 4. Nf3 Bg4 5. Be2 e6 6. O-O Be7 7. c4 Nb6 8. Be3 f6 9. exd6 cxd6 10. Nc3 N8d7
11. a4 a5 12. b3 O-O 13. h3 Bh5 14. Ne4 f5 15. Ng3 Bg6 16. Bf4 Nf6 17. Re1 Ne4 18. Bd3 d5 19. c5 Nd7 20. Ne5 Nxe5
21. Bxe5 Bf6 22. Bd6 Nxd6 23. cxd6 Bxd4 24. Rc1 Qxd6 25. Bxf5 Bxf2+ 26. Kxf2 Bxf5 27. Kg1 Qxg3 28. Qd2 Bxh3 29. Re3 Qg5 30. Qe2 d4
31. Rxh3 Qxc1+ 32. Kh2 Rf6
0-1

[Event "2008 Standard Chess Dropout Tournament, Round 2"]
[Site "SchemingMind.com"]
[Date "2008.03.17"]
[Round "2"]
[White "chesshub"]
[Black "dabruceman"]
[Result "1-0"]
[WhiteCountry "FRA"]
[BlackCountry "USA"]
[WhiteElo "2381"]
[WhiteRD "73"]
[BlackElo "1467"]
[BlackRD "126"]
[GameID "146365"]

1. e4 e5 2. Nf3 Qf6 3. Nc3 Ne7 4. d4 d6 5. Bg5 Qe6 6. Qd2 f6 7. Be3 d5 8. dxe5 fxe5 9. exd5 Qf6 10. Bg5 Qb6
11. Nxe5 Qxb2 12. Rb1 Qa3 13. Nb5 Qc5 14. Be3 Qxb5 15. Bxb5+ c6 16. dxc6 Nbxc6 17. Bg5 a6 18. Bxc6+ Nxc6 19. Qd5 Be7 20. Qf7+ Kd8
21. Nxc6+ Kc7 22. Qxe7+ Kxc6 23. Be3 b6 24. Rxb6+ Kd5 25. Qc5+ Ke4 26. Rb4#
1-0

[Event "2008 Standard Chess Dropout Tournament, Round 2"]
[Site "SchemingMind.com"]
[Date "2008.03.19"]
[Round "2"]
[White "CuriousShadow"]
[Black "Robert Pallett"]
[Result "0-1"]
[WhiteCountry "USA"]
[BlackCountry "ENG"]
[WhiteElo "2067"]
[WhiteRD "128"]
[BlackElo "2362"]
[BlackRD "79"]
[GameID "146366"]

1. d4 Nf6 2. c4 e6 3. Nc3 Bb4 4. Qc2 O-O 5. a3 Bxc3+ 6. Qxc3 b6 7. Bg5 Bb7 8. f3 h6 9. Bh4 d6 10. e3 Nbd7
11. Nh3 e5 12. Be2 exd4 13. Qxd4 a5 14. O-O Qe7 15. Rfd1 Rfe8 16. e4 a4 17. Bd3 Ne5 18. Nf2 Nc6 19. Qe3 Ng4 20. Nxg4 Qxh4
21. Qf2 Qg5 22. Ne3 Ne5 23. Rac1 Ra5 24. Bf1 Nd7 25. Nd5 Qd8 26. Rc3 Nc5 27. Qg3 Re6 28. Qf2 Bc8
0-1

[Event "2008 Standard Chess Dropout Tournament, Round 2"]
[Site "SchemingMind.com"]
[Date "2008.03.17"]
[Round "2"]
[White "dadshane2000"]
[Black "z"]
[Result "1-0"]
[WhiteCountry "USA"]
[BlackCountry "IRQ"]
[WhiteElo "1880"]
[WhiteRD "76"]
[BlackElo "1825"]
[BlackRD "51"]
[GameID "146368"]

1. e4 e6 2. d4 d5 3. Nc3 dxe4 4. Nxe4 Bd7 5. Nf3 Bc6 6. Bd3 Nd7 7. O-O Ngf6 8. Ng3 Bd6 9. Re1 Bxf3 10. Qxf3 c6
11. Nf5 Bf8 12. Bf4 g6 13. Nd6+ Ke7 14. Nxb7 Qb6 15. Bd6+ Ke8 16. Bxf8 Kxf8 17. Nd6 Kg7 18. Qf4 Qxb2 19. Reb1 Qc3 20. Nc4 c5
21. dxc5 Nxc5 22. Qe5 Qxe5 23. Nxe5 Nxd3 24. cxd3 Rab8 25. g3 Rhc8 26. a4 Rxb1+ 27. Rxb1 Rc7 28. Kg2= Nd7 29. d4 f6 30. Nxd7 Rxd7
31. Rb4 Kf7 32. Kf3 Ke7 33. Ke4 Kd6 34. h4 f5+ 35. Kf4 h6 36. f3 Kd5 37. Ke3 a6 38. Kd3 Rd6 39. Rc4 Rb6 40. Rc5+ Kd6
41. Ke3 Rb3+ 42. Ke2 Rb4 43. Ra5 Rxd4 44. Rxa6+ Ke7 45. Ke3 Rd6 46. Rxd6 Kxd6 47. f4 e5 48. fxe5+ Kxe5 49. a5 Kd6 50. Kf4 Kc6
51. Ke5
1-0

[Event "2008 Standard Chess Dropout Tournament, Round 2"]
[Site "SchemingMind.com"]
[Date "2008.03.22"]
[Round "2"]
[White "David Hartley"]
[Black "Mariazb"]
[Result "0-1"]
[WhiteCountry "ENG"]
[BlackCountry "ARG"]
[WhiteElo "1898"]
[WhiteRD "68"]
[BlackElo "2380"]
[BlackRD "79"]
[GameID "146369"]

1. e4 c5 2. d4 cxd4 3. c3 dxc3 4. Nxc3 e6 5. Nf3 Nc6 6. Bf4 Bb4 7. Bd2 d5 8. exd5 exd5 9. Bb5 Nf6 10. O-O O-O
11. Qb3 Bd6 12. Qc2 Bg4 13. Be2 d4 14. Ne4 Re8 15. Bg5 Rxe4 16. Qxe4 Nxe4 17. Bxd8 Rxd8 18. a3 Nd2 19. Rfd1 Nb3 20. Rab1 Ne5
21. Re1 d3 22. Bd1 Nxf3+ 23. Bxf3 Bxf3 24. gxf3 Nd2
0-1

[Event "2008 Standard Chess Dropout Tournament, Round 2"]
[Site "SchemingMind.com"]
[Date "2008.03.17"]
[Round "2"]
[White "demiurg"]
[Black "NebAnphu"]
[Result "1-0"]
[WhiteCountry "HUN"]
[BlackCountry "POL"]
[WhiteElo "2227"]
[WhiteRD "72"]
[BlackElo "2185"]
[BlackRD "95"]
[GameID "146370"]

1. e4 d5 2. exd5 Qxd5 3. Nc3 Qd6 4. d4 Nf6 5. Nf3 a6 6. g3 b5 7. Bg2 Bb7 8. O-O e6 9. Ne5 Qb6 10. d5 Bc5
11. Bg5 Nbd7 12. Nxd7 Nxd7 13. b4 Bxb4 14. dxe6 fxe6 15. Bxb7 Qxb7 16. Qg4 h6 17. Qxe6+ Kf8 18. Rad1 Nb6 19. Be3 Qc8 20. Qb3 Be7
21. Bxb6 cxb6 22. Nd5 Ra7 23. Rfe1 Bg5 24. Nxb6 Qf5 25. Nc4 bxc4 26. Qb8+ Kf7 27. Qxa7+ Kg8 28. Qxa6
1-0